• 首页
  • 本馆介绍
  • 公告通知
  • 最新文献
  • 馆藏检索
  • 电子资源
  • 读者导购
  • 参考咨询
  • 我的图书馆
  • 登录
  • 详细信息显示
  • 放入我的书架
  • 预约/预借图书
  • 作者相关作品
  • 分类相关作品
  • 丛书相关作品
  • 出版社相关作品

书目信息

  • 表格格式
  • 工作单格式
  • 卡片格式
书名: A guide to the study of University Physics =
作者: 主编唐英,吴烨.
分册号:
分册名:
出版地: Beijing :
 
出版社: 北京邮电大学出版社
出版时间: 2008.
页数: 4, 276 p. :
开本: 26 cm.
丛书名:
中图分类号:
科图分类号:
其他分类号: O4
主题词:
电子资源:
000 00851nam a2200277 a 4500
001 E1150568839
005 20111208140537.00
008 090721s2008 cc a 000 0 eng d
020    @a9787563518449 :@cCNY32.00.
040    @aXMU@cXMU
090    @aO4-43/X10:1
090    @aO4
093    @aO4 @2 4
093    @aO4-43 @2 4
099    @dO4@ex76
245 02 @aA guide to the study of University Physics =@b大学物理学学习指导 / @c主编唐英,吴烨.
246 33 @aUniversity Physics
246 31 @a大学物理学学习指导
260    @aBeijing :@b北京邮电大学出版社,@c2008.
300    @a4, 276 p. :@bill. ;@c26 cm.
500    @a"教育部'高等理工教育教学改革与实践'项目成果".
500    @a"国家工科物理教学基地双语教学教材".
650  0 @aPhysics@xProblems, exercises, etc.
700 1  @aTang, Ying@A(唐英)
700 1  @aWu, Ye@A(吴烨)
920    @a232010@z2
    
    A guide to the study of University Physics = : 大学物理学学习指导 / / 主编唐英,吴烨.-Beijing : : 北京邮电大学出版社, , 2008.
    4, 276 p. : : ill. ; ; 26 cm.
    "教育部'高等理工教育教学改革与实践'项目成果".-"国家工科物理教学基地双语教学教材".
    
    ISBN 9787563518449 :CNY32.00.
    
●
相关链接 在E读中查询图书 在五车中查询图书 在当当中查询图书 在豆瓣中查询图书


正题名:guide to the study of University Physics =     索取号:O4/x76         预约/预借

序号 登录号 条形码 馆藏地/架位号 状态 备注
1 17821   300178215   第二样本阅览室/ [索取号:O4/x76] 在馆    
2 17822   300178224   第四借阅区/ [索取号:O4/x76] 在馆    
3 17823   300178233   第四借阅区/ [索取号:O4/x76] 在馆    
4 17824   300178242   第四借阅区/ [索取号:O4/x76] 在馆    
5 17825   300178251   第四借阅区/ [索取号:O4/x76] 在馆    
唐山师范学院图书馆 欢迎您!
大连网信软件有限公司© 版权所有